Una tarde de M. Andesmas

Uloženo v:
Podrobná bibliografie
Hlavní autor: Duras, Marguerite (Autor)
Médium: Kniha
Jazyk:španělština
Vydáno: Barcelona Editorial Seix Barral 1971
Vydání:1a. ed
Edice:Biblioteca Breve de Bolsillo, 76
Témata:
Tagy: Přidat tag
Žádné tagy, Buďte první, kdo vytvoří štítek k tomuto záznamu!

MARC

LEADER 00000cam a2200000 a 4500
001 UCE3116
003 CL-VaPUC
008 140814e19710000sp |||||||||||||||||spa|d
082 0 4 |a 843  |b DUR  |2 21 
100 0 |a Duras, Marguerite  |e author  |9 575623 
245 1 4 |a Una tarde de M. Andesmas 
250 |a 1a. ed 
300 |a 75 p 
942 |c BK 
945 |d 20140814 14:58:00  |a arojas 
260 |a Barcelona  |b Editorial Seix Barral  |c 1971 
650 0 |a Novela francesa  |9 264985 
650 0 |a Literatura francesa  |9 266330 
583 |a last modification  |c 20140814 14:58:00  |k Rodrigo Vera 
490 0 |a Biblioteca Breve de Bolsillo, 76 
999 |c 356565  |d 356563 
952 |0 0  |1 0  |3 erb  |4 0  |6 843_000000000000000_DUR_1971  |7 0  |8 A  |9 464012  |a BIBEDU  |b BIBEDU  |i 5006678  |o 843 DUR 1971  |p 5006678  |r 2019-11-23  |w 2019-11-23  |y BK  |z Catalogado en:20140814  |k LIT